Authors of Children's Books - Statistics

General Stats
  • This quiz has been taken 159 times
  • The average score is 5 of 14
Answer Stats
Hint Answer % Correct
Harry Potter and the Goblet of Fire J.K. Rowling
99%
James and the Giant Peach Roald Dahl
89%
The Hobbit J.R.R. Tolkien
82%
Summer Term at St Clare's Enid Blyton
36%
Eragon Christopher Paolini
24%
Private Peaceful Michael Morpurgo
24%
Hetty Feather Jacqueline Wilson
21%
The Sword in the Stone T.H. White
20%
How to Train Your Dragon Cressida Cowell
19%
Stormbreaker Anthony Horowitz
17%
Skulduggery Pleasant Derek Landy
12%
Goodnight Mister Tom Michelle Magorian
9%
Magyk Angie Sage
7%
The Schoolmouse Dick King-Smith
6%
No matching quizzes found
Score Distribution
Percent of People with Each Score
Percentile by Number Answered
Your Score History
You have not taken this quiz